Psalm 91 and Demonic Menace /
In Psalm 91 and Demonic Menace Gerrit Vreugdenhil offers a thorough analysis of the text, structure and genre of Psalm 91. Already in its earliest interpretations, Psalm 91 has been associated with the demonic realm. The use of this psalm on ancient amulets and in magic texts calls for an explanatio...
المؤلف الرئيسي:
التنسيق: كتاب الكتروني
اللغة: English
منشور في:
Leiden; Boston :
BRILL,
2020.
سلاسل:
Oudtestamentische Studiën, Old Testament Studies;
77.
Biblical Studies, Ancient Near East and Early Christianity E-Books Online, Collection 2020, ISBN: 9789004407367.
الموضوعات:
الوصول للمادة أونلاين: Login to view Source
الوسوم: إضافة وسم
رقم الطلب: BS2775.2
| LEADER | 02422nam a22004331i 4500 | ||
|---|---|---|---|
| 001 | BRILL9789004427891 | ||
| 003 | nllekb | ||
| 005 | 20210602100330.0 | ||
| 006 | m d | ||
| 007 | cr un uuuua | ||
| 008 | 200210s2020 ne sb 001 0 eng d | ||
| 020 | |a 9789004427891 |q (electronic book) | ||
| 020 | |a 9789004427884 |q (print) | ||
| 024 | 7 | |a 10.1163/9789004427891 |2 DOI | |
| 035 | |z (OCoLC)1135585661 | ||
| 040 | |a NL-LeKB |c NL-LeKB |e rda | ||
| 050 | 4 | |a BS2775.2 | |
| 072 | 7 | |a HRC |2 bicssc | |
| 072 | 7 | |a REL |x 070000 |2 bisacsh | |
| 082 | 0 | 4 | |a 227.8706 |2 23 |
| 100 | 1 | |a Vreugdenhil, Gerrit C., |e author. | |
| 245 | 1 | 0 | |a Psalm 91 and Demonic Menace / |c Gerrit C. Vreugdenhil. |
| 264 | 1 | |a Leiden; |a Boston : |b BRILL, |c 2020. | |
| 300 | |a 1 online resource. | ||
| 336 | |a text |b txt |2 rdacontent | ||
| 337 | |a computer |b c |2 rdamedia | ||
| 338 | |a online resource |2 rdacarrier | ||
| 490 | 1 | |a Oudtestamentische Studiën, Old Testament Studies; |v 77 | |
| 490 | 1 | |a Biblical Studies, Ancient Near East and Early Christianity E-Books Online, Collection 2020, ISBN: 9789004407367 | |
| 520 | |a In Psalm 91 and Demonic Menace Gerrit Vreugdenhil offers a thorough analysis of the text, structure and genre of Psalm 91. Already in its earliest interpretations, Psalm 91 has been associated with the demonic realm. The use of this psalm on ancient amulets and in magic texts calls for an explanation. Examining the psalms images of threat from a cognitive science perspective, Vreugdenhil shows that many of these terms carry associations with sorcery and magic, incantations and curses, diseases and demonic threat. The psalm takes demonic threat seriously, but also draws attention to the protection offered by JHWH. Finally, the author proposes an outline of the situational context in which Psalm 91 might have functioned. | ||
| 588 | |a Description based on print version record. | ||
| 630 | 0 | 0 | |a Bible. |p Hebrews. |
| 776 | 0 | 8 | |i Print version: |t Psalm 91 and Demonic Menace, |d Leiden Boston : BRILL, 2020 |w 9789004427884 |
| 830 | 0 | |a Oudtestamentische Studiën, Old Testament Studies; |v 77. | |
| 830 | 0 | |a Biblical Studies, Ancient Near East and Early Christianity E-Books Online, Collection 2020, ISBN: 9789004407367. | |
| 856 | 4 | |z DOI: |u http://dx.doi.org/10.1163/9789004427891 | |
| 942 | |c EBOOK | ||
| 952 | |0 0 |1 0 |4 0 |7 1 |9 13964 |a BRILL |b BRILL |d 2021-06-02 |l 0 |r 2021-06-02 00:00:00 |w 2021-06-02 |y EBOOK | ||
| 999 | |c 35415 |d 35415 | ||
